Pattern recognition and image analysis / (Record no. 186328)

MARC details
000 -LEADER
fixed length control field 00730nam a2200229Ia 4500
005 - DATE AND TIME OF LATEST TRANSACTION
control field 20220615171407.0
008 - FIXED-LENGTH DATA ELEMENTS--GENERAL INFORMATION
fixed length control field 210716s2000 xx 000 0 und d
020 ## - INTERNATIONAL STANDARD BOOK NUMBER
International Standard Book Number 9788120314849
040 ## - CATALOGING SOURCE
Transcribing agency AIMIT LIBRARY
041 ## - LANGUAGE CODE
Language code of text/sound track or separate title eng
082 ## - DEWEY DECIMAL CLASSIFICATION NUMBER
Classification number 006.4
Edition number 1
Item number GOSE
100 ## - MAIN ENTRY--PERSONAL NAME
Personal name Gose, Earl.
9 (RLIN) 42935
245 ## - TITLE STATEMENT
Title Pattern recognition and image analysis /
Statement of responsibility, etc. By Earl Gose, Richard Johnsonbaugh and Steve Jost.
250 ## - EDITION STATEMENT
Edition statement 1st ed.
260 ## - PUBLICATION, DISTRIBUTION, ETC.
Place of publication, distribution, etc. New Delhi :
Name of publisher, distributor, etc. Prentice Hall of India PVt Ltd ,
Date of publication, distribution, etc. 1997.
300 ## - PHYSICAL DESCRIPTION
Extent ix,484p. ;
Other physical details PB
Dimensions 23.5 cm
650 ## - SUBJECT ADDED ENTRY--TOPICAL TERM
Topical term or geographic name entry element Pattern Recognition
9 (RLIN) 42936
650 ## - SUBJECT ADDED ENTRY--TOPICAL TERM
Topical term or geographic name entry element Probability.
9 (RLIN) 42937
700 ## - ADDED ENTRY--PERSONAL NAME
Personal name Johnsonbaugh, Richard.
9 (RLIN) 42938
700 ## - ADDED ENTRY--PERSONAL NAME
Personal name Jost, Steve.
9 (RLIN) 42939
942 ## - ADDED ENTRY ELEMENTS (KOHA)
Source of classification or shelving scheme Dewey Decimal Classification
Koha item type Book
Edition 1st
Call number prefix 006.4 GOSE
Holdings
Withdrawn status Lost status Source of classification or shelving scheme Damaged status Not for loan Collection code Home library Current library Source of acquisition Cost, normal purchase price Inventory number Total Checkouts Full call number Barcode Date last seen Cost, replacement price Price effective from Koha item type Date acquired
    Dewey Decimal Classification     MCA St Aloysius Institute of Management & Information Technology St Aloysius Institute of Management & Information Technology Book Palace 295.00 Bill no:2717; Bill dt:2004-04-22   006.4 GOSE MCA05836 05/23/2026 236.00 07/16/2021 Book  
    Dewey Decimal Classification     MCA St Aloysius Institute of Management & Information Technology St Aloysius Institute of Management & Information Technology Athulya Books 325.00 Bill no:173; Bill dt:2009-07-15   006.4 GOSE MCA09198 05/23/2026 253.50 07/16/2021 Book  
    Dewey Decimal Classification     MCA St Aloysius Institute of Management & Information Technology St Aloysius Institute of Management & Information Technology Knowledge World 350.00 Bill no:703; Bill dt:2010-07-29   006.4 GOSE MCA09965 05/23/2026 262.50 07/16/2021 Book  
    Dewey Decimal Classification     MCA St Aloysius Institute of Management & Information Technology St Aloysius Institute of Management & Information Technology Biblios Book Point 350.00 Bill no:1141; Bill dt:2011-07-20   006.4 GOSE MCA10865 05/23/2026 262.50 07/16/2021 Book  
    Dewey Decimal Classification     MCA St Aloysius Institute of Management & Information Technology St Aloysius Institute of Management & Information Technology Knowledge World 395.00 Bill no:335; Bill dt:2017-02-28   006.4 GOSE MCA15244 05/23/2026 308.10 07/16/2021 Book 03/08/2017